<?xml version="1.0" encoding="UTF-8"?><?xml-stylesheet type="text/xsl" href="static/style.xsl"?><OAI-PMH xmlns="http://www.openarchives.org/OAI/2.0/" xmlns:xsi="http://www.w3.org/2001/XMLSchema-instance" xsi:schemaLocation="http://www.openarchives.org/OAI/2.0/ http://www.openarchives.org/OAI/2.0/OAI-PMH.xsd"><responseDate>2026-06-01T16:24:30Z</responseDate><request verb="GetRecord" identifier="oai:riuma.uma.es:10630/26947" metadataPrefix="marc">https://riuma.uma.es/rest/oai/request</request><GetRecord><record><header><identifier>oai:riuma.uma.es:10630/26947</identifier><datestamp>2026-02-03T10:59:48Z</datestamp><setSpec>com_10630_2254</setSpec><setSpec>col_10630_37953</setSpec></header><metadata><record xmlns="http://www.loc.gov/MARC21/slim" xmlns:dcterms="http://purl.org/dc/terms/" xmlns:doc="http://www.lyncode.com/xoai" xmlns:xsi="http://www.w3.org/2001/XMLSchema-instance" xsi:schemaLocation="http://www.loc.gov/MARC21/slim http://www.loc.gov/standards/marcxml/schema/MARC21slim.xsd">
   <leader>00925njm 22002777a 4500</leader>
   <datafield ind2=" " ind1=" " tag="042">
      <subfield code="a">dc</subfield>
   </datafield>
   <datafield ind2=" " ind1=" " tag="720">
      <subfield code="a">Camacho, Ana</subfield>
      <subfield code="e">author</subfield>
   </datafield>
   <datafield ind2=" " ind1=" " tag="720">
      <subfield code="a">Ariza-Corbo, María José</subfield>
      <subfield code="e">author</subfield>
   </datafield>
   <datafield ind2=" " ind1=" " tag="720">
      <subfield code="a">Amigó, Nuria</subfield>
      <subfield code="e">author</subfield>
   </datafield>
   <datafield ind2=" " ind1=" " tag="720">
      <subfield code="a">Macías Guillén, Patricia</subfield>
      <subfield code="e">author</subfield>
   </datafield>
   <datafield ind2=" " ind1=" " tag="720">
      <subfield code="a">Sánchez-Chaparro, Miguel Ángel</subfield>
      <subfield code="e">author</subfield>
   </datafield>
   <datafield ind2=" " ind1=" " tag="720">
      <subfield code="a">Valdivielso-Felices, Pedro</subfield>
      <subfield code="e">author</subfield>
   </datafield>
   <datafield ind2=" " ind1=" " tag="260">
      <subfield code="c">2023</subfield>
   </datafield>
   <datafield ind2=" " ind1=" " tag="520">
      <subfield code="a">Las hipocolesterolemias primarias (o hipobetalipoproteinemias) constituyen un trastorno infrecuente del metabolismo de las lipoproteínas que pueden obedecer a una predisposición poligénica o a una enfermedad monogénica. Entre estas, es posible diferenciar entre formas sintomáticas y asintomáticas, en las que, en ausencia de causas secundarias, la sospecha clínica inicial son concentraciones plasmáticas de ApoB por debajo del percentil 5 de la distribución por edad y sexo. En esta nota clínica describimos del diagnóstico diferencial de un caso de hipocolesterolemia asintomática. Estudiamos los datos clínicos de la paciente índice, así como su perfil lipídico y el de los familiares junto con los datos clínicos de estos que son relevantes para realizar el diagnóstico diferencial. Se realizó un estudio genético como prueba diagnóstica. El diagnóstico diferencial realizado sugirió una hipobetalipoproteinemia heterocigota por variantes de pérdida de función en PCSK9. La prueba diagnóstica puso de manifiesto, en la paciente índice, la presencia de una variante de cambio de pauta de lectura en PCSK9, en heterocigosis, de origen materno. Las concentraciones plasmáticas de colesterol de LDL y PCSK9 de la paciente y los familiares, fueron compatibles con la segregación de dicha variante. En conclusión, la prueba diagnóstica realizada permitió confirmar el diagnóstico de sospecha en el caso estudiado de hipobetalipoproteinemia familiar asintomática a causa de una variante de pérdida de función en el gen PCSK9.</subfield>
   </datafield>
   <datafield ind1="8" ind2=" " tag="024">
      <subfield code="a">na Camacho, María José Ariza, Nuria Amigó, Patricia Macías Guillén, Miguel Ángel Sánchez Chaparro, Pedro Valdivielso, Un caso de hipocolesterolemia a estudio, Clínica e Investigación en Arteriosclerosis, 2023, , ISSN 0214-9168, https://doi.org/10.1016/j.arteri.2023.05.003.</subfield>
   </datafield>
   <datafield ind1="8" ind2=" " tag="024">
      <subfield code="a">https://hdl.handle.net/10630/26947</subfield>
   </datafield>
   <datafield ind1="8" ind2=" " tag="024">
      <subfield code="a">https://doi.org/10.1016/j.arteri.2023.05.003</subfield>
   </datafield>
   <datafield tag="653" ind2=" " ind1=" ">
      <subfield code="a">Colesterolemia - Diagnóstico</subfield>
   </datafield>
   <datafield ind2="0" ind1="0" tag="245">
      <subfield code="a">Un caso de hipocolesterolemia a estudio</subfield>
   </datafield>
</record>
</metadata></record></GetRecord></OAI-PMH>